| 000 | 00650nam a2200229 i 4500 | ||
|---|---|---|---|
| 001 | 000042701 | ||
| 003 | DO-SdBNP | ||
| 005 | 20230731151357.0 | ||
| 007 | ta | ||
| 008 | 140205s2005 dr 000 0 spa d | ||
| 040 |
_aDO-SdBNP _bspa _cBNPHU _erda |
||
| 082 | 4 | _222 | |
| 245 | 0 | 4 |
_aLas comunidades fraternas : _bun extraño en el camino |
| 264 |
_aSanto Domingo : _bFe y Alegría, _c[sin fecha] |
||
| 300 |
_a32 paginas : _bilustraciones ; _c29 cm. |
||
| 336 |
_2rdacontent _atexto _btxt |
||
| 337 |
_2rdamedia _asin mediación _bn |
||
| 338 |
_2rdacarrier _avolumen _bnc |
||
| 590 | _aInventariado, 2023 / DG | ||
| 910 | _aDG | ||
| 942 |
_2ddc _cLF2 |
||
| 999 |
_c53324 _d53324 |
||